| 000 | 00674cam a2200193 4500500 | ||
|---|---|---|---|
| 005 | 20260405004013.0 | ||
| 041 | _afre | ||
| 042 | _adc | ||
| 100 | 1 | 0 |
_aDegiovanni, Clara _eauthor |
| 245 | 0 | 0 | _a“Très brève théorie de l’enfer”, de Jérôme Ferrari : l’Occident, le Sud et l’humiliation de la générosité |
| 260 | _c2026. | ||
| 500 | _a56 | ||
| 690 | _aGénérosité | ||
| 690 | _aHumiliation | ||
| 690 | _aJérôme Ferrari | ||
| 690 | _aTourisme | ||
| 786 | 0 | _nPhilosophie magazine | 197 | 2 | 2026-02-01 | p. 148-149 | 1951-1787 | |
| 856 | 4 | 1 | _uhttps://shs.cairn.info/magazine-philosophie-magazine-2026-2-page-148?lang=fr&redirect-ssocas=7080 |
| 999 |
_c2072821 _d2072821 |
||